00614nam a22001937a 4500003000400000005001700004008004100021020001500062040002900077050002300106100002000129245006400149260004800213300002800261650005000289650002500339650003600364700002000400OSt20260617144921.0260617b |||||||| |||| 00| 0 eng d a1578614902 cChuka University Library aLC 4717b.B38 2003 aBateman Barbara aWhy Johnney doesn't BehavebTwenty Tips and Measurable BIPS aUnited StatesbAttainment Company Incc2003 a 122 pagesbillustrated aBehavior Modification......Study and teaching aClassroom Management aProblem Children......Education aGolly Annemieke